Statistiques concernant Les 8 planètes à l'envers

Cliquez ici pour prendre le quiz!

Statistiques générales

  • Ce quiz a été pris 79 fois
  • Le résultat moyen est 7 sur 8

Statistiques - réponses

numéroPlanète% Correct
6terre
95%
4jupiter
94%
5mars
94%
8mercure
92%
1neptune
92%
3saturne
92%
2uranus
92%
7venus
92%

Distribution des résultats

Percentile par nombre de réponses

% des personnes avec chaque résultat

Votre développement - résultats

Vous n’avez pas pris ce quiz